| 000 | 01268cab a2200241 4500 | ||
|---|---|---|---|
| 001 | ABS55835 | ||
| 008 | 090401t1996 xxu||||| |||| 00| 0 eng d | ||
| 035 | _a(Sirsi) u19042 | ||
| 041 | _aeng | ||
| 245 | _aKay-Green and others v Twinsectra Ltd | ||
| 260 | _c1996 | ||
| 350 | _a0 | ||
| 490 |
_aEstates Gazette _v[1996] 38 EG 136-143(8) |
||
| 520 | _aCA 15 May 1996. L and C sold various residential properties to T without serving notice under the Landlord and Tenant Act 1987 s5on the tenants (K). A purchase notice under s12 was served on behalf of the tenants requiring T to dispose of a number of units in two of the properties to the nominated purchaser. T failed to comply with the purchase noticeand contended that it was invalid as the premises included all three properties and a notice had not been served by a majority of the tenants. K appealed. "Held" a landlord served with a s12 notice is required to comply with it. Appeal allowed. | ||
| 650 | _aKAY-GREEN AND OTHERS V TWINSECTRA LTD | ||
| 650 | _aLANDLORD AND TENANT ACT 1987 S12 | ||
| 650 | _aPURCHASE NOTICE | ||
| 650 | _aREVERSIONARY INTEREST | ||
| 650 | _aRIGHT OF FIRST REFUSAL | ||
| 690 | _aLANDLORD AND TENANT-CASE LAW-RESIDENTIAL TENANCIES | ||
| 942 | _n0 | ||
| 948 | _c04/03/1997 | ||
| 999 |
_c12678 _d12678 |
||